zpět

Detail výsledku týmu

Hloupý Honza, Praha

Datum a čas kvízu

21.5 Celkem bodů Celkový počet nahraných bodů na tomto kvízu bez doplňovacích otázek.
14. Pořadí na kvízu Konečné umístění týmu na tomto kvízu.

Zaznamenané odpovědi

# Otázka Odpověď Body Výsledky
1. Už Vám někdy hořela koudel u z... Šumperk 0
2. Mezinárodní skupina vědců přiš... Skrillex 1
3. Minulé pondělí mohli fanoušci... D 0
4. Švédský nábytkářský řetězec IK... začne nabízet pronájem nábytku 1
5. Apríl, nebo nechtěný omyl? Fot... Místo Slavie zval na souboj se Spartou. 1
6. V tomto tématu ověříme vaše zn... pouze jelení zvěř 0
7. Vyberte jedno psí plemeno, kte... A 0
8. Jelen bílý je zvláštní barevno... Žleby, Žehušice, Kopidlno a Janovice 0
9. Kolikaterák je tento jelen? desaterák (nerovný) 0
10. Co v myslivecké mluvě znamená... oči 1